000 00409nam a22001457a 4500
020 _a9780367430344
040 _cSCME
082 _a669.94 P832P
100 _aPorter ,David A., Kenneth E. Easterling, Mohamed Y. Sherif
_9127756
245 _aPhase transformations in metal alloys /
_cDavid A. Porter
250 _a4th edition
260 _aNew York
_bCRC Press
_c2022
300 _a556P.
942 _2ddc
_cBK
999 _c608436
_d608436